| 000 | 00532nam a2200181Ia 4500 | ||
|---|---|---|---|
| 005 | 20250508162112.0 | ||
| 008 | 008 250505s9999 xx 000 0 eng d | ||
| 037 | _aTextual | ||
| 040 |
_aFEDL _beng _cFEDL |
||
| 041 |
_aeng _2eng |
||
| 084 |
_a371.42, PIE _qFEDL |
||
| 100 |
_aPietrofesa John J. et.al _9772305 |
||
| 245 | 0 | _aGuidance: An introduction | |
| 260 |
_aChicago, USA _bRand McNally College Publishing Company _c1980 |
||
| 300 | _axiii,592p. | ||
| 942 |
_cTEXL _h371.42, PIE |
||
| 999 |
_c1374390 _d1374390 |
||